000 01550cam a22003614a 4500
999 _c128007
_d128007
001 12428903
003 ARRUPE
005 20180614122954.0
008 010601r20011975nyua 001 0 eng
010 _a 2001041223
020 _a0415255627
020 _a0415254086 (pbk.)
040 _aDLC
_cDLC
_dDLC
041 1 _aeng
_hger
042 _apcc
050 0 0 _aB3376.W563
_bT7313 2001
082 0 0 _a192
_221
100 1 _aWittgenstein, Ludwig,
_d1889-1951.
_941746
240 1 0 _aTractatus logico-philosophicus.
_lEnglish
245 1 0 _aTractatus logico-philosophicus /
_cLudwig Wittgenstein ; translated by D.F. Pears and B.F. McGuinness ; with an introduction by Bertrand Russell.
260 _aLondon :
_aNew York :
_bRoutledge,
_cc2001.
300 _axxv, 106 p. :
_bill. ;
_c21 cm.
440 0 _aRoutledge classics
_933080
500 _aOriginally published: 1975.
500 _aIncludes index.
650 0 _aLogic, Symbolic and mathematical.
_941747
650 0 _aLanguage and languages
_xPhilosophy.
_941748
700 1 _aPears, David,
_d1921-2009.
_934035
700 1 _aMcGuinness, Brian.
_929756
856 4 2 _3Publisher description
_uhttp://www.loc.gov/catdir/enhancements/fy0650/2001041223-d.html
856 4 2 _3Contributor biographical information
_uhttp://www.loc.gov/catdir/enhancements/fy1101/2001041223-b.html
906 _a7
_bcbc
_corignew
_d1
_eocip
_f20
_gy-gencatlg
942 _2lcc
_cMONOGRAPH